<?xml version="1.0" encoding="UTF-8"?>
<marc:record xmlns:marc="http://www.loc.gov/MARC21/slim">
   <marc:leader>00000nam a2200000 a 4500</marc:leader>
   <marc:datafield ind1="1" ind2=" " tag="100">
      <marc:subfield code="a">Spezzano, Charles</marc:subfield>
      <marc:subfield code="4">wst</marc:subfield>
      <marc:subfield code="e">Writer of supplementary textual content</marc:subfield>
   </marc:datafield>
   <marc:datafield ind1=" " ind2=" " tag="653">
      <marc:subfield code="a">Kraft</marc:subfield>
   </marc:datafield>
   <marc:datafield ind1=" " ind2=" " tag="653">
      <marc:subfield code="a">Seelenkraft</marc:subfield>
   </marc:datafield>
   <marc:datafield ind1=" " ind2=" " tag="653">
      <marc:subfield code="a">Wunder</marc:subfield>
   </marc:datafield>
   <marc:datafield ind1=" " ind2=" " tag="653">
      <marc:subfield code="a">Softcover / Ratgeber/Lebenshilfe</marc:subfield>
   </marc:datafield>
   <marc:datafield ind1=" " ind2=" " tag="653">
      <marc:subfield code="a">Alltag/Lebensführung</marc:subfield>
   </marc:datafield>
   <marc:datafield ind1=" " ind2=" " tag="653">
      <marc:subfield code="a">Persönliche Entwicklung</marc:subfield>
   </marc:datafield>
   <marc:datafield ind1="0" ind2="0" tag="245">
      <marc:subfield code="a">Worte der Kraft</marc:subfield>
   </marc:datafield>
   <marc:datafield ind1="0" ind2="0" tag="245">
      <marc:subfield code="b">aus "Ein Kurs in Wundern"</marc:subfield>
   </marc:datafield>
   <marc:datafield ind1="0" ind2="0" tag="245">
      <marc:subfield code="c">mit Interpretationen von Chuck Spezzano ; Übersetzung der Interpretationen von Chuck Spezzano aus dem Englischen: Ulrike Kraemer</marc:subfield>
   </marc:datafield>
   <marc:datafield ind1=" " ind2="1" tag="264">
      <marc:subfield code="a">Petersberg</marc:subfield>
      <marc:subfield code="b">Verlag Via Nova</marc:subfield>
      <marc:subfield code="c">2016</marc:subfield>
   </marc:datafield>
   <marc:datafield ind1=" " ind2=" " tag="250">
      <marc:subfield code="a">1. Auflage</marc:subfield>
   </marc:datafield>
   <marc:datafield ind1="1" ind2=" " tag="520">
      <marc:subfield code="a">Angaben aus der Verlagsmeldung

Worte der Kraft : aus "Ein Kurs in Wundern" mit Interpretationen von Chuck Spezzano / von Chuck Spezzano

Nicht viele Bücher der Menschheitsgeschichte haben eine solch große transformatorische Kraft und Dimension wie das Buch „Ein Kurs in Wundern“. Auch der weltberühmte Weisheitslehrer Chuck Spezzano schöpft seit Jahrzehnten aus der göttlichen Inspiration dieses Meisterwerks. Er hat daraus für 365 Tage jeweils eine Botschaft in einem Satz ausgewählt und sie in einem kurzen Ausschnitt als Zitat in den Zusammenhang des Buchttextes gestellt. Er gibt dann seinen eigenen Kommentar zu den ausgewählten „Worten der Kraft“,tief berührende Erläuterungen, Anregungen, Anstöße und Interpretationen. Dieses Buch ist ein wahrhaftiger „Seelen-Begleiter“ im Alltag, durchdrungen von göttlicher Weisheit und Liebe. Es enthält Worte, die unser tiefstes inneres Sein nähren und erhellen können, und ist bestens geeignet für alle, die „Ein Kurs in Wundern“ erst noch kennenlernen möchten.
</marc:subfield>
   </marc:datafield>
   <marc:datafield ind1=" " ind2=" " tag="020">
      <marc:subfield code="a">9783866163584</marc:subfield>
      <marc:subfield code="9">9783866163584</marc:subfield>
   </marc:datafield>
   <marc:datafield ind1=" " ind2=" " tag="020">
      <marc:subfield code="a">3866163584</marc:subfield>
      <marc:subfield code="9">3866163584</marc:subfield>
   </marc:datafield>
   <marc:datafield ind1=" " ind2=" " tag="041">
      <marc:subfield code="a">ger</marc:subfield>
   </marc:datafield>
   <marc:datafield ind1=" " ind2=" " tag="300">
      <marc:subfield code="a">397 Seiten</marc:subfield>
   </marc:datafield>
</marc:record>
